| 000 | 00982nam2a22002411 4500 | ||
|---|---|---|---|
| 001 | rc\4601314 | ||
| 005 | 20250611135415.0 | ||
| 035 | _a(NLR Aleph) 008215824 | ||
| 090 |
_a8125157 _c8125157 |
||
| 100 | _a20130416d1963 |||y0rusy50 ca | ||
| 101 | 0 | _arus | |
| 102 | _aRU | ||
| 105 | _aa z ||||| | ||
| 200 | 0 | _aЧ. 1 | |
| 210 |
_d1963 _aБ. м. |
||
| 215 |
_a203 с., 4 л. схем. _cил. |
||
| 320 | _aБиблиогр. в конце докладов | ||
| 461 | 0 |
_1001rc\4601313 _12001#$aМногоканальные импульсные анализаторы$fРед. канд. техн. наук Забиякин Г.И. [и др.] Ч. 1-$vЧ. 1 _98125152 _cМосква _d1963 _fРед. канд. техн. наук Забиякин Г.И. [и др.] Ч. 1- _nАтомиздат _tМногоканальные импульсные анализаторы _vЧ. 1 |
|
| 801 | 0 |
_aRU _bNLR _gpsbo |
|
| 801 | 1 |
_aRU _bELAR _2rusmarc |
|
| 852 |
_aNLR _j63-5/1061 |
||
| 942 | _cBOOK | ||
| 980 | _aNB | ||